000 00316nam a22001457a 4500
008 221117b ||||| |||| 00| 0 eng d
020 _a9780030278587
041 _aeng
080 _a159.9
082 _a159.9GEL
100 _a25
101 _aPSI
245 _aCOUNSELING PSYCHOLOGY
_cGELSO CH
942 _2udc
_cBK
999 _c58917
_d58917